ডিজিট্যাল ইলেকট্রনিক্স / (Record no. 44993)
[ view plain ]
| 000 -LEADER | |
|---|---|
| fixed length control field | 00919nam a2200241 a 4500 |
| 001 - CONTROL NUMBER | |
| control field | 44993 |
| 003 - CONTROL NUMBER IDENTIFIER | |
| rucl marc code | BD-RjUL |
| 005 - DATE AND TIME OF LATEST TRANSACTION | |
| control field | 20211209053939.0 |
| 008 - FIXED-LENGTH DATA ELEMENTS--GENERAL INFORMATION | |
| fixed length control field | 160721s1989 bg ||||| |||| 00| 0 ben d |
| 020 ## - INTERNATIONAL STANDARD BOOK NUMBER | |
| Terms of availability | : Tk.140.00 |
| 035 ## - SYSTEM CONTROL NUMBER | |
| System control number | (BD-RjUL)45111 |
| 040 ## - CATALOGING SOURCE | |
| Original cataloging agency | BD-RjUL |
| Language of cataloging | ben |
| Transcribing agency | BD-RjUL |
| Modifying agency | BD-RjUL |
| 041 ## - LANGUAGE CODE | |
| Language code of text/sound track or separate title | ben |
| 082 ## - DEWEY DECIMAL CLASSIFICATION NUMBER | |
| Edition number | 23 |
| Classification number | 621.3815 |
| Author mark and year | RAD 1989 |
| 100 ## - MAIN ENTRY--PERSONAL NAME | |
| Personal name | রহমান, মোহাম্মদ লুৎফর |
| 9 (RLIN) | 123052 |
| 245 10 - TITLE STATEMENT | |
| Title | ডিজিট্যাল ইলেকট্রনিক্স / |
| Statement of responsibility, etc. | মোহাম্মদ লুৎফর রহমান, |
| 260 ## - PUBLICATION, DISTRIBUTION, ETC. (IMPRINT) | |
| Place of publication, distribution, etc. | ঢাকা : |
| Name of publisher, distributor, etc. | বাংলা একাডেমী, |
| Date of publication, distribution, etc. | ১৯৮৯ |
| 300 ## - PHYSICAL DESCRIPTION | |
| Pagination | খন্ড : |
| Illustrations | চিত্র ; |
| Size | ২৭ সেমি. |
| 505 ## - FORMATTED CONTENTS NOTE | |
| Formatted contents note | ২য় খন্ড -- |
| 650 ## - SUBJECT ADDED ENTRY--TOPICAL TERM | |
| Topical term or geographic name as entry element | ডিজিটাল ইলেক্ট্রনিক্স |
| 9 (RLIN) | 137873 |
| Topical term or geographic name as entry element | Digital Electronics |
| 9 (RLIN) | 137874 |
| 942 ## - ADDED ENTRY ELEMENTS (KOHA) | |
| Source of classification or shelving scheme | Dewey Decimal Classification |
| Koha item type | Books |
| Lost status | Source of classification or shelving scheme | Damaged status | Not for loan | Collection code | Permanent Location | Current Location | Shelving location | Date acquired | Source of acquisition | Cost, normal purchase price | Total Checkouts | Full call number | Date last seen | Copy number | Koha item type |
|---|---|---|---|---|---|---|---|---|---|---|---|---|---|---|---|
| Dewey Decimal Classification | Non-fiction | Central Library, University of Rajshahi | Central Library, University of Rajshahi | 01/04/1991 | Bangla Academy, Dhaka. | 140.00 | B 621.3815 RAD V-2 1989 | 21/07/2016 | C-2 | Books |